Cars 3 (Record no. 227751)
[ view plain ]
| 000 -LEADER | |
|---|---|
| fixed length control field | 03531cgm a2200733Mi 4500 |
| 001 - CONTROL NUMBER | |
| control field | on1008901600 |
| 003 - CONTROL NUMBER IDENTIFIER | |
| control field | OCoLC |
| 005 - DATE AND TIME OF LATEST TRANSACTION | |
| control field | 20231031123140.0 |
| 007 - PHYSICAL DESCRIPTION FIXED FIELD--GENERAL INFORMATION | |
| fixed length control field | vd cvaizs |
| 008 - FIXED-LENGTH DATA ELEMENTS--GENERAL INFORMATION | |
| fixed length control field | 170616s2017 cau103 j vleng d |
| 024 10 - OTHER STANDARD IDENTIFIER | |
| Standard number or code | 786936854565 |
| 028 42 - PUBLISHER NUMBER | |
| Publisher number | 11905618 |
| Source | Disney/Pixar |
| 028 42 - PUBLISHER NUMBER | |
| Publisher number | 146291 |
| Source | Disney/Pixar |
| 035 ## - SYSTEM CONTROL NUMBER | |
| System control number | (OCoLC)1008901600 |
| 040 ## - CATALOGING SOURCE | |
| Original cataloging agency | TOH |
| Language of cataloging | eng |
| Description conventions | rda |
| Transcribing agency | TOH |
| Modifying agency | OCLCO |
| -- | UINTA |
| 041 1# - LANGUAGE CODE | |
| Language code of text/sound track or separate title | eng |
| Language code of original and/or intermediate translations of text | eng |
| 049 ## - LOCAL HOLDINGS (OCLC) | |
| Holding library | UCLB |
| 050 #4 - LIBRARY OF CONGRESS CALL NUMBER | |
| Classification number | PN1997.2 |
| Item number | .C37 2017 |
| 082 04 - DEWEY DECIMAL CLASSIFICATION NUMBER | |
| Classification number | 791.43/72 |
| Edition number | 23 |
| 090 ## - LOCALLY ASSIGNED LC-TYPE CALL NUMBER (OCLC); LOCAL CALL NUMBER (OCLC) | |
| Classification number (OCLC) (R) ; Classification number, CALL (RLIN) (NR) | FEATURE CAR |
| 092 ## - LOCALLY ASSIGNED DEWEY CALL NUMBER (OCLC) | |
| Classification number | EDVD |
| Item number | Car |
| 245 00 - TITLE STATEMENT | |
| Title | Cars 3 |
| 246 3# - VARYING FORM OF TITLE | |
| Title proper/short title | Cars three |
| 264 #1 - Production, Publication, Distribution, Manufacture, and Copyright Notice. | |
| Place of production, publication, distribution, manufacture | [Burbank, CA] : |
| Name of producer, publisher, distributor, manufacturer | Disney/Pixar, |
| Date of production, publication, distribution, manufacture, or copyr | 2017. |
| 300 ## - PHYSICAL DESCRIPTION | |
| Extent | 1 videodisc (approximately 103 min.) : |
| Other physical details | sound, color ; |
| Dimensions | 4 3/4 in. |
| 336 ## - Content Type | |
| Content type term | two-dimensional moving image |
| 337 ## - Media type | |
| Media type term | video |
| 338 ## - Carrier type | |
| Carrier type term | videodisc |
| 500 ## - GENERAL NOTE | |
| General note | Bonus features: short film "Lou"; commentary. |
| 500 ## - GENERAL NOTE | |
| General note | English subtitles for the deaf and hard of hearing (SDH). |
| 508 ## - CREATION/PRODUCTION CREDITS NOTE | |
| Creation/production credits note | Music by Randy Newman. |
| 511 1# - PARTICIPANT OR PERFORMER NOTE | |
| Participant or performer note | Owen Wilson, Cristela Alonzo, Chris Cooper, Nathan Fillion, Larry The Cable Guy, Armie Hammer, Ray Magliozzi, Tony Shalhoub, Bonnie Hunt, Kerry Washington. |
| 520 ## - SUMMARY, ETC. | |
| Summary, etc | Blindsided by a new generation of blazing-fast racers, the legendary Lightning McQueen is suddenly pushed out of the sport he loves. To get back in the game, he will need the help of an eager young race technician with her own plan to win, inspiration from the late Fabulous Hudson Hornet, and a few unexpected turns. Proving that #95 isn't through yet will test the heart of a champion on Piston Cup Racing's biggest stage! |
| 520 1# - SUMMARY, ETC. | |
| Summary, etc | "No matter how slack the storytelling can get, the animation conveying that storytelling is borderline miraculous."--Boston Globe. |
| 520 1# - SUMMARY, ETC. | |
| Summary, etc | "If you can roll with it, the movie is both breezy fun and a pain-free life lesson delivery vehicle."--New York Times. |
| 520 1# - SUMMARY, ETC. | |
| Summary, etc | "...Very much a tale of mentorship, of learning how to give up your ego in order to bolster someone else's."--Variety. |
| 521 8# - TARGET AUDIENCE NOTE | |
| Target audience note | OFRB General. |
| 546 ## - LANGUAGE NOTE | |
| Language note | English or French audio; English or French subtitles. |
| 650 #0 - SUBJECT ADDED ENTRY--TOPICAL TERM | |
| Topical term or geographic name as entry element | Video recordings for the hearing impaired. |
| 650 #0 - SUBJECT ADDED ENTRY--TOPICAL TERM | |
| Topical term or geographic name as entry element | Automobile racing |
| Form subdivision | Juvenile films. |
| 9 (RLIN) | 6476075 |
| 655 #7 - INDEX TERM--GENRE/FORM | |
| Genre/form data or focus term | Children's films. |
| Source of term | lcgft |
| 655 #7 - INDEX TERM--GENRE/FORM | |
| Genre/form data or focus term | Animated films. |
| Source of term | lcgft |
| 655 #7 - INDEX TERM--GENRE/FORM | |
| Genre/form data or focus term | Fiction films. |
| Source of term | lcgft |
| 655 #7 - INDEX TERM--GENRE/FORM | |
| Genre/form data or focus term | Video recordings for the hearing impaired. |
| Source of term | lcgft |
| 700 1# - ADDED ENTRY--PERSONAL NAME | |
| Personal name | Murray, Kiel, |
| Relator term | screenwriter. |
| 9 (RLIN) | 6312003 |
| 700 1# - ADDED ENTRY--PERSONAL NAME | |
| Personal name | Peterson, Bob, |
| Dates associated with a name | 1961- |
| Relator term | screenwriter. |
| 9 (RLIN) | 5714857 |
| 700 1# - ADDED ENTRY--PERSONAL NAME | |
| Personal name | Rich, Mike, |
| Dates associated with a name | 1959- |
| Relator term | screenwriter. |
| 9 (RLIN) | 66817 |
| 700 1# - ADDED ENTRY--PERSONAL NAME | |
| Personal name | Reher, Kevin, |
| Relator term | film producer. |
| 9 (RLIN) | 6241040 |
| 700 1# - ADDED ENTRY--PERSONAL NAME | |
| Personal name | Fee, Brian, |
| Relator term | film director. |
| 9 (RLIN) | 5958937 |
| 700 1# - ADDED ENTRY--PERSONAL NAME | |
| Personal name | Wilson, Owen, |
| Dates associated with a name | 1968- |
| Relator term | voice actor. |
| 9 (RLIN) | 63928 |
| 700 1# - ADDED ENTRY--PERSONAL NAME | |
| Personal name | Alonzo, Cristela, |
| Relator term | voice actor. |
| 9 (RLIN) | 5958939 |
| 700 1# - ADDED ENTRY--PERSONAL NAME | |
| Personal name | Cooper, Chris, |
| Dates associated with a name | 1951- |
| Relator term | voice actor. |
| 9 (RLIN) | 62667 |
| 700 1# - ADDED ENTRY--PERSONAL NAME | |
| Personal name | Fillion, Nathan, |
| Dates associated with a name | 1971- |
| Relator term | voice actor. |
| 9 (RLIN) | 70473 |
| 700 0# - ADDED ENTRY--PERSONAL NAME | |
| Personal name | Larry, |
| Titles and other words associated with a name | the Cable Guy, |
| Relator term | voice actor. |
| 9 (RLIN) | 778 |
| 700 1# - ADDED ENTRY--PERSONAL NAME | |
| Personal name | Hammer, Armie, |
| Dates associated with a name | 1986- |
| Relator term | voice actor. |
| 9 (RLIN) | 5862020 |
| 700 1# - ADDED ENTRY--PERSONAL NAME | |
| Personal name | Magliozzi, Ray, |
| Relator term | voice actor. |
| 9 (RLIN) | 37681 |
| 700 1# - ADDED ENTRY--PERSONAL NAME | |
| Personal name | Shalhoub, Tony, |
| Dates associated with a name | 1953- |
| Relator term | voice actor. |
| 9 (RLIN) | 76757 |
| 700 1# - ADDED ENTRY--PERSONAL NAME | |
| Personal name | Hunt, Bonnie, |
| Relator term | voice actor. |
| 9 (RLIN) | 63292 |
| 700 1# - ADDED ENTRY--PERSONAL NAME | |
| Personal name | Washington, Kerry, |
| Dates associated with a name | 1977- |
| Relator term | voice actor. |
| 9 (RLIN) | 77168 |
| 710 2# - ADDED ENTRY--CORPORATE NAME | |
| Corporate name or jurisdiction name as entry element | Walt Disney Pictures, |
| Relator term | presenter, |
| -- | publisher. |
| 710 2# - ADDED ENTRY--CORPORATE NAME | |
| Corporate name or jurisdiction name as entry element | Pixar (Firm), |
| Relator term | production company. |
| 730 0# - ADDED ENTRY--UNIFORM TITLE | |
| Uniform title | Cars 3 (Motion picture) |
| 942 ## - ADDED ENTRY ELEMENTS (KOHA) | |
| Source of classification or shelving scheme | Dewey Decimal Classification |
| Koha item type | DVD |
| Withdrawn status | Lost status | Source of classification or shelving scheme | Damaged status | Not for loan | Collection code | Home library | Current library | Shelving location | Date acquired | Source of acquisition | Cost, normal purchase price | Total Checkouts | Total Renewals | Full call number | Barcode | Checked out | Date last seen | Date checked out | Cost, replacement price | Price effective from | Koha item type |
|---|---|---|---|---|---|---|---|---|---|---|---|---|---|---|---|---|---|---|---|---|---|
| Dewey Decimal Classification | Children Movies | Wasatch County Library | Wasatch County Library | Audio Visual Area | 12/06/2017 | Amazon | 15.95 | 84 | 52 | E DVD Car | 34301001616103 | 04/24/2026 | 03/10/2026 | 03/10/2026 | 15.95 | 03/20/2020 | DVD |
